Africa's choices : (Record no. 38916)

MARC details
000 -LEADER
fixed length control field 01123pam a2200277 a 4500
001 - CONTROL NUMBER
control field 1637278
005 - DATE AND TIME OF LATEST TRANSACTION
control field 20080505142931.0
008 - FIXED-LENGTH DATA ELEMENTS--GENERAL INFORMATION
fixed length control field 961125s1996 coub b 001 0 eng
010 ## - LIBRARY OF CONGRESS CONTROL NUMBER
LC control number 96049254
020 ## - INTERNATIONAL STANDARD BOOK NUMBER
International Standard Book Number 0813333334 (alk. paper)
020 ## - INTERNATIONAL STANDARD BOOK NUMBER
International Standard Book Number 0813333342 (alk. paper)
040 ## - CATALOGING SOURCE
Original cataloging agency DLC
Transcribing agency DLC
Modifying agency DLC
050 00 - LIBRARY OF CONGRESS CALL NUMBER
Classification number HC800
Item number .B77 1995
100 1# - MAIN ENTRY--PERSONAL NAME
Personal name Brown Barratt , Michael.
610 20 - SUBJECT ADDED ENTRY--CORPORATE NAME
Corporate name or jurisdiction name as entry element World Bank
651 #0 - SUBJECT ADDED ENTRY--GEOGRAPHIC NAME
Geographic name Africa
245 10 - TITLE STATEMENT
Title Africa's choices :
Remainder of title after thirty years of the World Bank /
Statement of responsibility, etc Michael Barratt Brown.
260 ## - PUBLICATION, DISTRIBUTION, ETC. (IMPRINT)
Place of publication, distribution, etc Boulder, Colo. :
Name of publisher, distributor, etc Westview Press,
Date of publication, distribution, etc 1996.
300 ## - PHYSICAL DESCRIPTION
Extent xiv, 433 p. :
Other physical details map ;
Dimensions 24 cm.
504 ## - BIBLIOGRAPHY, ETC. NOTE
Bibliography, etc Includes bibliographical references (p. [369]-414) and indexes..
610 20 - SUBJECT ADDED ENTRY--CORPORATE NAME
Geographic subdivision Africa.
651 #0 - SUBJECT ADDED ENTRY--GEOGRAPHIC NAME
General subdivision Economic conditions.
856 42 - ELECTRONIC LOCATION AND ACCESS
Uniform Resource Identifier <a href="http://www.loc.gov/catdir/enhancements/fy0833/96049254-d.html">http://www.loc.gov/catdir/enhancements/fy0833/96049254-d.html</a>
906 ## - LOCAL DATA ELEMENT F, LDF (RLIN)
a 7
b cbc
c orignew
d 1
e ocip
f 19
g y-gencatlg
942 ## - ADDED ENTRY ELEMENTS (KOHA)
Source of classification or shelving scheme Library of Congress Classification
Item type Book
Holdings
Withdrawn status Lost status Source of classification or shelving scheme Damaged status Not for loan Collection code Home library Current library Shelving location Date acquired Source of acquisition Total Checkouts Total Renewals Full call number Barcode Date last seen Date last borrowed Copy number Price effective from Koha item type
    Library of Congress Classification     Non-fiction Bishop Okullu Memorial Library (Limuru Campus) Bishop Okullu Memorial Library (Limuru Campus) General Circulation 01/08/2011 donation 3 1 HC800 .B77 1995 027272 20/09/2025 11/08/2025 1 01/08/2011 Book